| 000 | 00348nam a2200121Ia 4500 | ||
|---|---|---|---|
| 008 | 210430s9999 xx 000 0 und d | ||
| 082 | _a323G4111 B | ||
| 100 | _aP.R. Ghandhi | ||
| 245 |
_aBlackstones International Human Rights Documents _cP.R. Ghandhi |
||
| 260 |
_aIslamabad _bNational Book foundation _c2000 |
||
| 300 | _a415p | ||
| 942 |
_cBK _2ddc |
||
| 999 |
_c563201 _d563201 |
||